Les Pays de la Diaspora Française - Statistiques

Statistiques générales
  • Ce quiz a été pris 336 fois
    332 depuis la dernière actualisation
  • Le résultat moyen est 17 sur 20
Statistiques - réponses
Classement Population Réponses % Correct
7 83 614 Espagne
98%
2 158 002 Etats-Unis
98%
8 53 824 Maroc
98%
10 40 173 Algerie
97%
6 99 289 Canada
96%
5 109 425 Allemagne
95%
4 121 558 Belgique
95%
11 40 168 Italie
95%
3 147 548 Royaume-Uni
95%
1 184 887 Suisse
95%
17 23 320 Tunisie
92%
12 28 934 Chine
90%
15 24 404 Pays-Bas
82%
14 24 825 Australie
79%
19 20 687 Mexique
77%
18 21 712 Sénégal
72%
9 53 317 Israel
55%
20 18 095 Cote d'Ivoire
54%
13 25 022 Liban
46%
16 23 736 Emirats arabes unis
43%
Aucun quiz correspondant
Distribution des résultats
% des personnes avec chaque résultat
Percentile par nombre de réponses
Votre historique - résultats
Vous n’avez pas pris ce quiz depuis la dernière actualisation